[Event "2nd Easter 4NCL Congress"]
[Site "Daventry"]
[Date "2022.04.18"]
[Round "6"]
[Board "21"]
[White "Sandhu, Manvith"]
[Black "Gardiner, Eric D"]
[Result "1/2-1/2"]
[WhiteElo "1903"]
[BlackElo "2063"]
[PlyCount "0"]
[EventDate "2022.04.15"]
[EventRounds "7"]
[EventCountry "ENG"]

1. e4 {[%clk 01:30:58]} {[%emt 00:00:02]} e6 {[%clk 01:30:54]} {[%emt
00:00:06]} 2. d4 {[%clk 01:31:25]} {[%emt 00:00:03]} d5 {[%clk 01:31:17]}
{[%emt 00:00:07]} 3. Bd3 {[%clk 01:31:52]} {[%emt 00:00:03]} c5 {[%clk
01:31:23]} {[%emt 00:00:23]} 4. exd5 {[%clk 01:32:16]} {[%emt 00:00:06]} exd5
{[%clk 01:31:46]} {[%emt 00:00:07]} 5. Nf3 {[%clk 01:32:22]} {[%emt 00:00:24]}
c4 {[%clk 01:32:06]} {[%emt 00:00:11]} 6. Be2 {[%clk 01:32:43]} {[%emt
00:00:09]} Nf6 {[%clk 01:32:12]} {[%emt 00:00:22]} 7. b3 {[%clk 01:33:04]}
{[%emt 00:00:10]} cxb3 {[%clk 01:32:29]} {[%emt 00:00:14]} 8. axb3 {[%clk
01:32:55]} {[%emt 00:00:39]} Be7 {[%clk 01:27:39]} {[%emt 00:05:20]} 9. O-O
{[%clk 01:33:12]} {[%emt 00:00:13]} O-O {[%clk 01:27:55]} {[%emt 00:00:14]} 10.
Bf4 {[%clk 01:29:32]} {[%emt 00:04:09]} Nc6 {[%clk 01:27:28]} {[%emt 00:00:58]}
11. Nc3 {[%clk 01:18:15]} {[%emt 00:11:47]} Bf5 {[%clk 01:21:48]} {[%emt
00:06:09]} 12. Nh4 {[%clk 00:42:31]} {[%emt 00:36:15]} Qd7 {[%clk 01:17:25]}
{[%emt 00:04:53]} 13. Nxf5 {[%clk 00:24:58]} {[%emt 00:18:03]} Qxf5 {[%clk
01:17:47]} {[%emt 00:00:09]} 14. Be3 {[%clk 00:25:05]} {[%emt 00:00:21]} Nb4
{[%clk 01:15:24]} {[%emt 00:02:53]} 15. Rc1 {[%clk 00:16:10]} {[%emt 00:09:27]}
Rac8 {[%clk 01:06:20]} {[%emt 00:09:33]} 16. Qd2 {[%clk 00:16:00]} {[%emt
00:00:40]} a6 {[%clk 01:00:17]} {[%emt 00:06:33]} 17. Rfd1 {[%clk 00:12:51]}
{[%emt 00:03:39]} Rfe8 {[%clk 00:53:17]} {[%emt 00:07:30]} 18. Bd3 {[%clk
00:11:46]} {[%emt 00:01:35]} Nxd3 {[%clk 00:51:04]} {[%emt 00:02:44]} 19. Qxd3
{[%clk 00:12:10]} {[%emt 00:00:06]} Qxd3 {[%clk 00:49:41]} {[%emt 00:01:53]} 20.
Rxd3 {[%clk 00:11:36]} {[%emt 00:01:03]} Ba3 {[%clk 00:49:15]} {[%emt
00:00:56]} 21. Rcd1 {[%clk 00:10:12]} {[%emt 00:01:53]} Bb4 {[%clk 00:41:28]}
{[%emt 00:08:19]} 22. Na2 {[%clk 00:06:55]} {[%emt 00:03:47]} Ba5 {[%clk
00:41:01]} {[%emt 00:00:56]} 23. c3 {[%clk 00:05:21]} {[%emt 00:02:04]} Ne4
{[%clk 00:38:47]} {[%emt 00:02:44]} 24. Rc1 {[%clk 00:04:57]} {[%emt 00:00:55]}
b5 {[%clk 00:33:35]} {[%emt 00:05:42]} 25. b4 {[%clk 00:03:45]} {[%emt
00:01:43]} Bd8 {[%clk 00:30:23]} {[%emt 00:03:40]} 26. f3 {[%clk 00:00:34]}
{[%emt 00:03:42]} Nd6 {[%clk 00:29:27]} {[%emt 00:01:25]} 27. Kf2 {[%clk
00:00:57]} {[%emt 00:00:08]} Nc4 {[%clk 00:28:44]} {[%emt 00:01:13]} 28. Rb1
{[%clk 00:00:44]} {[%emt 00:00:44]} f5 {[%clk 00:26:49]} {[%emt 00:02:23]} 29.
Nc1 {[%clk 00:00:42]} {[%emt 00:00:32]} Nxe3 {[%clk 00:25:50]} {[%emt
00:01:29]} 30. Rxe3 {[%clk 00:01:09]} {[%emt 00:00:04]} Rxe3 {[%clk 00:26:03]}
{[%emt 00:00:16]} 31. Kxe3 {[%clk 00:01:35]} {[%emt 00:00:05]} Rxc3+ {[%clk
00:26:10]} {[%emt 00:00:23]} 32. Kd2 {[%clk 00:00:35]} {[%emt 00:01:31]} Rc4
{[%clk 00:25:13]} {[%emt 00:01:26]} 33. Kd3 {[%clk 00:00:47]} {[%emt 00:00:18]}
Be7 {[%clk 00:24:17]} {[%emt 00:01:25]} 34. Na2 {[%clk 00:00:49]} {[%emt
00:00:28]} Kf7 {[%clk 00:20:03]} {[%emt 00:04:44]} 35. Nc3 {[%clk 00:00:49]}
{[%emt 00:00:30]} Bxb4 {[%clk 00:16:42]} {[%emt 00:03:52]} 36. Nxd5 {[%clk
00:01:10]} {[%emt 00:00:09]} a5 {[%clk 00:16:12]} {[%emt 00:00:59]} 37. Ra1
{[%clk 00:00:40]} {[%emt 00:00:58]} Ke6 {[%clk 00:15:33]} {[%emt 00:01:11]} 38.
Nxb4 {[%clk 00:00:49]} {[%emt 00:00:22]} axb4 {[%emt 00:00:45]} 39. Ra5 {[%clk
00:01:07]} Rc3+ {[%clk 00:15:14]} {[%emt 00:00:46]} 40. Kd2 {[%clk 00:01:32]}
{[%emt 00:00:05]} Ra3 {[%clk 00:14:53]} {[%emt 00:00:51]} 41. Rxb5 {[%clk
00:01:50]} {[%emt 00:00:14]} Ra2+ {[%clk 00:14:28]} {[%emt 00:00:53]} 42. Kd3
{[%clk 00:01:32]} {[%emt 00:00:47]} Rxg2 {[%clk 00:13:49]} {[%emt 00:01:10]} 43.
Rxb4 {[%clk 00:01:52]} {[%emt 00:00:11]} h5 {[%clk 00:12:07]} {[%emt 00:02:11]}
44. Rb6+ {[%clk 00:02:09]} {[%emt 00:00:13]} Kd5 {[%clk 00:10:31]} {[%emt
00:02:06]} 45. Rb5+ {[%clk 00:02:20]} {[%emt 00:00:18]} Ke6 {[%clk 00:10:06]}
{[%emt 00:00:55]} 46. Rb6+ {[%clk 00:02:09]} {[%emt 00:00:41]} Kd5 {[%clk
00:09:47]} {[%emt 00:00:50]} 47. Rb5+ {[%clk 00:02:13]} {[%emt 00:00:26]} Ke6
{[%clk 00:10:12]} {[%emt 00:00:06]} 48. Rb6+ {[%clk 00:01:40]} {[%emt
00:01:03]}  1/2-1/2

[Event "2nd Easter 4NCL Congress"]
[Site "Daventry"]
[Date "2022.04.18"]
[Round "6"]
[Board "22"]
[White "Cox, Toby"]
[Black "Liu, Jack"]
[Result "1/2-1/2"]
[WhiteElo "2070"]
[BlackElo "1913"]
[PlyCount "0"]
[EventDate "2022.04.15"]
[EventRounds "7"]
[EventCountry "ENG"]

1. e4 {[%clk 01:29:56]} {[%emt 00:01:03]} c5 {[%clk 01:30:53]} {[%emt
00:00:07]} 2. d4 {[%clk 01:30:16]} {[%emt 00:00:10]} cxd4 {[%clk 01:31:16]}
{[%emt 00:00:08]} 3. c3 {[%clk 01:30:27]} {[%emt 00:00:19]} dxc3 {[%clk
01:27:37]} {[%emt 00:04:09]} 4. Nxc3 {[%clk 01:30:05]} {[%emt 00:00:51]} Nc6
{[%clk 01:24:53]} {[%emt 00:03:14]} 5. Nf3 {[%clk 01:30:08]} {[%emt 00:00:28]}
d6 {[%clk 01:24:03]} {[%emt 00:01:20]} 6. Bc4 {[%clk 01:30:00]} {[%emt
00:00:37]} a6 {[%clk 01:21:11]} {[%emt 00:03:22]} 7. O-O {[%clk 01:29:18]}
{[%emt 00:01:12]} Nf6 {[%clk 01:19:39]} {[%emt 00:02:03]} 8. Qe2 {[%clk
01:27:39]} {[%emt 00:02:09]} Bg4 {[%clk 01:17:34]} {[%emt 00:02:34]} 9. Rd1
{[%clk 01:21:15]} {[%emt 00:06:54]} e6 {[%clk 01:12:18]} {[%emt 00:05:46]} 10.
Bb3 {[%clk 01:14:22]} {[%emt 00:07:23]} Be7 {[%clk 01:03:25]} {[%emt 00:09:23]}
11. h3 {[%clk 01:12:24]} {[%emt 00:02:29]} Bxf3 {[%clk 01:02:02]} {[%emt
00:01:52]} 12. Qxf3 {[%clk 01:11:40]} {[%emt 00:01:15]} O-O {[%clk 00:55:38]}
{[%emt 00:06:54]} 13. Bf4 {[%clk 01:09:39]} {[%emt 00:02:31]} Qb8 {[%clk
00:47:40]} {[%emt 00:08:27]} 14. g4 {[%clk 01:06:55]} {[%emt 00:03:13]} Nd7
{[%clk 00:42:49]} {[%emt 00:05:22]} 15. Qg3 {[%clk 01:00:51]} {[%emt 00:06:34]}
Nde5 {[%clk 00:38:39]} {[%emt 00:04:41]} 16. Rd2 {[%clk 00:50:46]} {[%emt
00:10:34]} Na5 {[%clk 00:25:56]} {[%emt 00:13:13]} 17. Bd1 {[%clk 00:48:11]}
{[%emt 00:03:05]} Nac4 {[%clk 00:25:48]} {[%emt 00:00:38]} 18. Rc2 {[%clk
00:46:06]} {[%emt 00:02:36]} g5 {[%clk 00:15:55]} {[%emt 00:10:23]} 19. Bc1
{[%clk 00:45:08]} {[%emt 00:01:27]} Ng6 {[%clk 00:15:21]} {[%emt 00:01:04]} 20.
Ne2 {[%clk 00:43:30]} {[%emt 00:02:08]} d5 {[%clk 00:13:54]} {[%emt 00:01:58]}
21. Qxb8 {[%clk 00:41:54]} {[%emt 00:02:05]} Raxb8 {[%clk 00:14:08]} {[%emt
00:00:16]} 22. exd5 {[%clk 00:34:53]} {[%emt 00:07:32]} exd5 {[%clk 00:14:29]}
{[%emt 00:00:09]} 23. Nc3 {[%clk 00:35:01]} {[%emt 00:00:22]} Rfd8 {[%clk
00:13:03]} {[%emt 00:01:55]} 24. Bf3 {[%clk 00:34:57]} {[%emt 00:00:35]} d4
{[%clk 00:11:57]} {[%emt 00:01:36]} 25. Ne4 {[%clk 00:34:03]} {[%emt 00:01:24]}
Nce5 {[%clk 00:12:12]} {[%emt 00:00:14]} 26. Bg2 {[%clk 00:33:16]} {[%emt
00:01:17]} h6 {[%clk 00:11:59]} {[%emt 00:00:43]} 27. Bd2 {[%clk 00:31:41]}
{[%emt 00:02:06]} Nh4 {[%clk 00:08:43]} {[%emt 00:03:45]} 28. Rc7 {[%clk
00:30:30]} {[%emt 00:01:41]} Nhf3+ {[%clk 00:08:49]} {[%emt 00:00:25]} 29. Bxf3
{[%clk 00:26:53]} {[%emt 00:04:07]} Nxf3+ {[%clk 00:09:12]} {[%emt 00:00:07]}
30. Kg2 {[%clk 00:27:16]} {[%emt 00:00:06]} Nxd2 {[%clk 00:09:35]} {[%emt
00:00:08]} 31. Rxe7 {[%clk 00:26:58]} {[%emt 00:00:47]} Nxe4 {[%clk 00:10:01]}
{[%emt 00:00:04]} 32. Rxe4 {[%clk 00:27:25]} {[%emt 00:00:04]} Rbc8 {[%clk
00:06:33]} {[%emt 00:03:58]} 33. Re2 {[%clk 00:26:29]} {[%emt 00:01:26]} d3
{[%clk 00:03:31]} {[%emt 00:03:32]} 34. Rd2 {[%clk 00:26:54]} {[%emt 00:00:05]}
Rc2 {[%clk 00:02:23]} {[%emt 00:01:37]} 35. Rad1 {[%clk 00:27:01]} {[%emt
00:00:24]} Rxd2 {[%clk 00:02:48]} {[%emt 00:00:05]} 36. Rxd2 {[%clk 00:27:27]}
{[%emt 00:00:03]} Kg7 {[%clk 00:03:04]} {[%emt 00:00:15]} 37. Kf3 {[%clk
00:27:01]} {[%emt 00:00:56]} Kf6 {[%clk 00:02:54]} {[%emt 00:00:40]} 38. Ke4
{[%clk 00:27:18]} {[%emt 00:00:13]} Ke6 {[%clk 00:02:29]} {[%emt 00:00:55]} 39.
Rxd3 {[%clk 00:27:24]} {[%emt 00:00:24]} Rxd3 {[%clk 00:02:51]} {[%emt
00:00:08]} 40. Kxd3 {[%clk 00:27:51]} {[%emt 00:00:03]} Kd5 {[%clk 00:03:05]}
{[%emt 00:00:16]} 41. Ke3 {[%clk 00:27:26]} {[%emt 00:00:55]} Ke5 {[%clk
00:03:27]} {[%emt 00:00:08]} 42. a3 {[%clk 00:23:47]} {[%emt 00:04:08]} a5
{[%clk 00:02:27]} {[%emt 00:01:30]} 43. a4 {[%clk 00:23:56]} {[%emt 00:00:22]}
b6 {[%clk 00:02:51]} {[%emt 00:00:05]} 44. Kd3 {[%clk 00:21:48]} {[%emt
00:02:38]} Kd5 {[%clk 00:02:42]} {[%emt 00:00:40]} 45. b3 {[%clk 00:22:02]}
{[%emt 00:00:16]} Kc5 {[%clk 00:01:58]} {[%emt 00:01:14]} 46. Kc3 {[%clk
00:22:16]} {[%emt 00:00:15]} b5 {[%clk 00:02:10]} {[%emt 00:00:18]} 47. axb5
{[%clk 00:22:06]} {[%emt 00:00:40]} Kxb5 {[%clk 00:02:37]} {[%emt 00:00:04]} 48.
Kd3 {[%clk 00:20:48]} {[%emt 00:01:48]} Kc5 {[%clk 00:02:31]} {[%emt 00:00:35]}
49. Kc3 {[%clk 00:21:14]} {[%emt 00:00:05]} f6 {[%clk 00:02:52]} {[%emt
00:00:09]} 50. f3 {[%clk 00:21:40]} {[%emt 00:00:04]} Kd5 {[%clk 00:02:52]}
{[%emt 00:00:30]} 51. Kd3 {[%clk 00:21:45]} {[%emt 00:00:25]} Kc5 {[%clk
00:02:10]} {[%emt 00:01:12]} 52. Kc3 {[%clk 00:22:08]} {[%emt 00:00:07]} Kb5
{[%clk 00:02:35]} {[%emt 00:00:05]} 53. Kd3 {[%clk 00:22:32]} {[%emt 00:00:06]}
Kb4 {[%clk 00:02:55]} {[%emt 00:00:10]} 54. Kc2 {[%clk 00:22:52]} {[%emt
00:00:10]} Kc5 {[%clk 00:02:27]} {[%emt 00:00:58]} 55. Kc3 {[%clk 00:23:13]}
{[%emt 00:00:09]} Kd5 {[%clk 00:01:43]} {[%emt 00:01:13]} 56. Kd3 {[%clk
00:23:37]} {[%emt 00:00:06]} Kc5 {[%clk 00:00:57]} {[%emt 00:01:16]}  1/2-1/2

[Event "2nd Easter 4NCL Congress"]
[Site "Daventry"]
[Date "2022.04.18"]
[Round "6"]
[Board "23"]
[White "Gibbon, Eric"]
[Black "Shenbagakumar, Gautham"]
[Result "0-1"]
[WhiteElo "1953"]
[BlackElo "1842"]
[PlyCount "0"]
[EventDate "2022.04.15"]
[EventRounds "7"]
[EventCountry "ENG"]

1. d4 {[%clk 01:30:57]} {[%emt 00:00:02]} Nf6 {[%clk 01:30:55]} {[%emt
00:00:06]} 2. Nc3 {[%clk 01:31:23]} {[%emt 00:00:04]} d5 {[%clk 01:31:11]}
{[%emt 00:00:14]} 3. Bf4 {[%clk 01:31:45]} {[%emt 00:00:07]} a6 {[%clk
01:31:24]} {[%emt 00:00:18]} 4. e3 {[%clk 01:31:44]} {[%emt 00:00:31]} e6
{[%clk 01:30:51]} {[%emt 00:01:04]} 5. Nf3 {[%clk 01:30:16]} {[%emt 00:01:56]}
c5 {[%clk 01:29:16]} {[%emt 00:02:06]} 6. dxc5 {[%clk 01:29:19]} {[%emt
00:01:27]} Bxc5 {[%clk 01:29:29]} {[%emt 00:00:17]} 7. Bd3 {[%clk 01:28:23]}
{[%emt 00:01:26]} O-O {[%clk 01:10:50]} {[%emt 00:19:09]} 8. a3 {[%clk
01:27:29]} {[%emt 00:01:23]} b5 {[%clk 01:04:48]} {[%emt 00:06:33]} 9. Ne5
{[%clk 01:24:58]} {[%emt 00:03:01]} Nbd7 {[%clk 01:00:03]} {[%emt 00:05:16]} 10.
g4 {[%clk 01:20:43]} {[%emt 00:04:44]} Nxe5 {[%clk 00:48:28]} {[%emt 00:12:06]}
11. Bxe5 {[%clk 01:21:10]} {[%emt 00:00:02]} Nd7 {[%clk 00:46:10]} {[%emt
00:02:48]} 12. Bg3 {[%clk 01:13:18]} {[%emt 00:08:22]} Bb7 {[%clk 00:41:00]}
{[%emt 00:05:40]} 13. O-O {[%clk 01:08:58]} {[%emt 00:04:49]} Nb6 {[%clk
00:27:10]} {[%emt 00:14:21]} 14. b3 {[%clk 01:01:23]} {[%emt 00:08:05]} Re8
{[%clk 00:20:59]} {[%emt 00:06:41]} 15. Qd2 {[%clk 00:50:44]} {[%emt 00:11:09]}
d4 {[%clk 00:19:13]} {[%emt 00:02:17]} 16. exd4 {[%clk 00:46:25]} {[%emt
00:04:48]} Bxd4 {[%clk 00:19:35]} {[%emt 00:00:08]} 17. Rad1 {[%clk 00:44:52]}
{[%emt 00:02:03]} Bxc3 {[%clk 00:11:07]} {[%emt 00:08:58]} 18. Qxc3 {[%clk
00:45:05]} {[%emt 00:00:17]} Qe7 {[%clk 00:10:14]} {[%emt 00:01:23]} 19. Qa5
{[%clk 00:42:26]} {[%emt 00:03:09]} Nd5 {[%clk 00:07:51]} {[%emt 00:02:54]} 20.
Be4 {[%clk 00:41:24]} {[%emt 00:01:30]} Red8 {[%clk 00:07:17]} {[%emt
00:01:05]} 21. c4 {[%clk 00:40:54]} {[%emt 00:01:00]} Nc3 {[%clk 00:06:16]}
{[%emt 00:01:31]} 22. Rxd8+ {[%clk 00:40:23]} {[%emt 00:01:01]} Rxd8 {[%clk
00:06:38]} {[%emt 00:00:09]} 23. Bxb7 {[%clk 00:40:35]} {[%emt 00:00:18]} Ne2+
{[%clk 00:07:00]} {[%emt 00:00:08]} 24. Kg2 {[%clk 00:40:02]} {[%emt 00:01:02]}
Qxb7+ {[%clk 00:07:29]} {[%emt 00:00:02]} 25. f3 {[%clk 00:40:13]} {[%emt
00:00:19]} Rd7 {[%clk 00:06:02]} {[%emt 00:01:57]} 26. c5 {[%clk 00:24:21]}
{[%emt 00:16:21]} Nxg3 {[%clk 00:04:13]} {[%emt 00:02:20]} 27. hxg3 {[%clk
00:23:04]} {[%emt 00:01:46]} h6 {[%clk 00:04:24]} {[%emt 00:00:20]} 28. Rc1
{[%clk 00:16:46]} {[%emt 00:06:47]} Qc6 {[%clk 00:04:36]} {[%emt 00:00:19]} 29.
Qb6 {[%clk 00:14:46]} {[%emt 00:02:30]} Rd2+ {[%clk 00:04:25]} {[%emt
00:00:41]} 30. Kh3 {[%clk 00:14:29]} {[%emt 00:00:47]} Qxf3 {[%clk 00:03:51]}
{[%emt 00:01:04]} 31. Rg1 {[%clk 00:12:14]} {[%emt 00:02:45]} Qe2 {[%clk
00:03:21]} {[%emt 00:00:59]}  0-1

[Event "2nd Easter 4NCL Congress"]
[Site "Daventry"]
[Date "2022.04.18"]
[Round "6"]
[Board "24"]
[White "Chen, Daniel Xingyu"]
[Black "Miller, George I"]
[Result "1-0"]
[WhiteElo "1831"]
[BlackElo "1864"]
[PlyCount "0"]
[EventDate "2022.04.15"]
[EventRounds "7"]
[EventCountry "ENG"]

1. e4 {[%clk 01:30:57]} {[%emt 00:00:02]} c6 {[%clk 01:28:12]} {[%emt
00:02:49]} 2. d4 {[%clk 01:31:15]} {[%emt 00:00:11]} d5 {[%clk 01:28:28]}
{[%emt 00:00:13]} 3. exd5 {[%clk 01:31:38]} {[%emt 00:00:08]} cxd5 {[%clk
01:28:53]} {[%emt 00:00:05]} 4. c4 {[%clk 01:32:02]} {[%emt 00:00:07]} Nf6
{[%emt 00:00:19]} 5. Nc3 {[%emt 00:00:27]} Nc6 {[%clk 01:27:21]} {[%emt
00:01:16]} 6. Nf3 {[%clk 01:32:23]} {[%emt 00:00:08]} Bg4 {[%clk 01:25:20]}
{[%emt 00:02:31]} 7. cxd5 {[%clk 01:32:38]} {[%emt 00:00:16]} Nxd5 {[%clk
01:25:19]} {[%emt 00:00:29]} 8. Qb3 {[%clk 01:32:42]} {[%emt 00:00:27]} Bxf3
{[%clk 01:22:20]} {[%emt 00:03:27]} 9. gxf3 {[%clk 01:33:02]} {[%emt 00:00:12]}
e6 {[%clk 01:22:17]} {[%emt 00:00:33]} 10. Qxb7 {[%clk 01:33:15]} {[%emt
00:00:18]} Nxd4 {[%clk 01:22:30]} {[%emt 00:00:15]} 11. Bb5+ {[%clk 01:33:19]}
{[%emt 00:00:27]} Nxb5 {[%clk 01:22:47]} {[%emt 00:00:12]} 12. Qc6+ {[%clk
01:33:31]} {[%emt 00:00:19]} Ke7 {[%clk 01:22:50]} {[%emt 00:00:27]} 13. Qxb5
{[%clk 01:33:26]} {[%emt 00:00:36]} Qd7 {[%clk 01:23:01]} {[%emt 00:00:18]} 14.
Nxd5+ {[%clk 01:33:37]} {[%emt 00:00:19]} Qxd5 {[%clk 01:20:13]} {[%emt
00:03:17]} 15. Qxd5 {[%clk 01:34:00]} {[%emt 00:00:08]} exd5 {[%clk 01:20:38]}
{[%emt 00:00:04]} 16. Bf4 {[%clk 01:34:11]} {[%emt 00:00:19]} Ke6 {[%clk
01:17:06]} {[%emt 00:04:03]} 17. O-O-O {[%clk 01:34:24]} {[%emt 00:00:16]} Bb4
{[%clk 01:15:41]} {[%emt 00:01:54]} 18. a3 {[%clk 01:34:39]} {[%emt 00:00:16]}
Ba5 {[%clk 01:14:47]} {[%emt 00:01:24]} 19. b4 {[%clk 01:34:59]} {[%emt
00:00:10]} Bb6 {[%clk 01:11:21]} {[%emt 00:03:56]} 20. Rhe1+ {[%clk 01:35:11]}
{[%emt 00:00:17]} Kf5 {[%clk 01:10:48]} {[%emt 00:01:03]} 21. Bg3 {[%clk
01:35:33]} {[%emt 00:00:08]} Rac8+ {[%clk 01:08:05]} {[%emt 00:03:13]} 22. Kb2
{[%clk 01:34:38]} {[%emt 00:01:26]} d4 {[%clk 01:01:42]} {[%emt 00:06:51]} 23.
Re5+ {[%clk 01:32:54]} {[%emt 00:02:16]} Kg6 {[%clk 00:50:36]} {[%emt
00:11:35]} 24. Rb5 {[%clk 01:27:17]} {[%emt 00:06:07]} Rhe8 {[%clk 00:47:01]}
{[%emt 00:04:05]} 25. Rd2 {[%clk 01:19:23]} {[%emt 00:08:24]} Re1 {[%clk
00:46:17]} {[%emt 00:01:14]} 26. a4 {[%clk 01:08:51]} {[%emt 00:11:03]} Rcc1
{[%clk 00:37:17]} {[%emt 00:09:29]} 27. a5 {[%clk 00:56:47]} {[%emt 00:12:35]}
Rb1+ {[%clk 00:25:43]} {[%emt 00:12:03]} 28. Ka2 {[%clk 00:53:21]} {[%emt
00:03:57]} Ra1+ {[%clk 00:21:30]} {[%emt 00:04:43]} 29. Kb3 {[%clk 00:50:05]}
{[%emt 00:03:46]} Bd8 {[%clk 00:17:11]} {[%emt 00:04:49]} 30. Rxd4 {[%clk
00:49:09]} {[%emt 00:01:25]} Rec1 {[%clk 00:14:33]} {[%emt 00:03:07]} 31. Rd2
{[%clk 00:33:26]} {[%emt 00:16:15]} Bf6 {[%clk 00:10:31]} {[%emt 00:04:32]} 32.
Rc5 {[%clk 00:26:45]} {[%emt 00:07:11]} Rab1+ {[%clk 00:05:46]} {[%emt
00:05:15]} 33. Ka4 {[%clk 00:16:45]} {[%emt 00:10:30]} Bc3 {[%clk 00:05:41]}
{[%emt 00:00:35]} 34. Rxc3 {[%clk 00:16:10]} {[%emt 00:01:07]} Rxc3 {[%clk
00:06:02]} {[%emt 00:00:08]} 35. Kb5 {[%clk 00:15:09]} {[%emt 00:01:31]} a6+
{[%clk 00:06:05]} {[%emt 00:00:27]} 36. Kxa6 {[%clk 00:15:20]} {[%emt
00:00:19]} Rxb4 {[%clk 00:05:57]} {[%emt 00:00:38]} 37. Rd6 {[%clk 00:15:30]}
{[%emt 00:00:19]} f6 {[%clk 00:06:10]} {[%emt 00:00:18]} 38. Rb6 {[%clk
00:15:30]} {[%emt 00:00:31]} Ra4 {[%clk 00:06:12]} {[%emt 00:00:27]} 39. Rb5
{[%clk 00:13:57]} {[%emt 00:02:03]} Rxf3 {[%clk 00:05:40]} {[%emt 00:01:01]} 40.
Kb6 {[%clk 00:13:03]} {[%emt 00:01:25]} f5 {[%clk 00:06:05]} {[%emt 00:00:04]}
41. Kb7 {[%clk 00:10:18]} {[%emt 00:03:16]} f4 {[%clk 00:06:23]} {[%emt
00:00:12]} 42. Bh4 {[%clk 00:10:15]} {[%emt 00:00:33]} Rh3 {[%clk 00:06:28]}
{[%emt 00:00:25]} 43. Bd8 {[%clk 00:09:42]} {[%emt 00:01:04]} Rxh2 {[%clk
00:06:46]} {[%emt 00:00:11]} 44. Bb6 {[%clk 00:10:05]} {[%emt 00:00:07]} Ra2
{[%clk 00:03:39]} {[%emt 00:03:37]} 45. a6 {[%clk 00:10:13]} {[%emt 00:00:23]}
Rhxf2 {[%clk 00:03:23]} {[%emt 00:00:45]} 46. Bxf2 {[%clk 00:09:59]} {[%emt
00:00:45]} Rxf2 {[%clk 00:03:41]} {[%emt 00:00:11]} 47. a7 {[%clk 00:09:29]}
{[%emt 00:01:00]} Ra2 {[%clk 00:03:25]} {[%emt 00:00:46]} 48. Rb6+ {[%clk
00:09:50]} {[%emt 00:00:09]} Kg5 {[%clk 00:03:15]} {[%emt 00:00:40]} 49. Ra6
{[%clk 00:10:12]} {[%emt 00:00:08]} Rb2+ {[%clk 00:03:28]} {[%emt 00:00:16]} 50.
Kc7 {[%clk 00:10:14]} {[%emt 00:00:28]} Rc2+ {[%clk 00:03:53]} {[%emt
00:00:05]} 51. Kd7 {[%clk 00:10:30]} {[%emt 00:00:15]}  1-0